000 00586nam a2200229Ia 4500
003 GCL
008 140319s9999 xx 000 0 eng d
040 _aGCL /
_cGCL
082 0 4 _a320.5
_bE P
100 1 _aECCLESHALL, ROBERT
245 1 0 _aPOLITICAL IDEOLOGIES: AN INTRODUTION /
_cECCLESHALL, ROBERT
700 1 _aGEOGHEGAN, VINCENT
700 1 _aJAY, RICHAND
700 1 _aWILFORD, RICK
260 _a[S.N] :
_bROUTLEDGE ،
_c1992
300 _a225 P
650 0 4 _aIDEOLOGY
650 0 4 _aLIBERALISM
650 0 4 _aDEMOCRACY
650 0 4 _aPOLICY SCIENCES
942 _2ddc
_cBK
999 _c16655
_d16655